000 00435nam a2200157 4500
001 112587
003 ES-MaACL
005 20230906185550.0
007 t|
008 061121s1964 sp r ||||1| spa d
100 1 _aNieto, Alejandro.
_985648
245 1 0 _aBienes comunales /
_cAlejandro Nieto.
260 _aMadrid :
_bRevista de Derecho Privado,
_c1964.
300 _aXVI, 975 p. ;
_c23 cm.
852 _aES-MaACL
_jC-25885
_bR.54737
999 _c112587
_d112587